000 00594nam a2200205 a 4500
005 20140310183555.0
008 111111s19uu xx 00 eng d
020 _a978971849678
050 _aKPM 982.4
_b.P34 2010
100 _aPagunsan, Sinfroso.
245 _aThe law and advertising /
_cSinfrosos R. Pagunsan.
250 _arev. ed.
260 _aQuezon City :
_bC&E,
_c2010.
300 _a205 p. :
_bill. ;
_c22 cm.
521 _aMC
650 _aAdvertising
_xLaw and legislation
_xPhilipppines
650 _aLiability (law)
_xPhilippines
942 _cBK
_2lcc
_kLOC
999 _c25021
_d25021